Spis Hitler

Podrobná bibliografia
Hlavný autor: Delaforce, Patrick, 1923- (Autor)
Ďalší autori: Cedzo, Richard (Prekladateľ)
Médium: Kniha
Jazyk:slovenčina
angličtina
PhysicalDescription:197 s. ilustr. 21 cm
Vydavateľské údaje: Bratislava Ikar 2008
ISBN:9788055117645
Vydanie:[1. vyd.]
Predmet:

MARC

LEADER 00000cam a2200000 a 4500
001 vtls009352598
003 SK-MaSNL
005 20260301081835.0
008 240313s2008 xo a d 001 0bslo
015 |a SNBA2008/12-05279 
020 |a 9788055117645  |q (viaz.) 
035 |a 2089EF48-DD5D-49C7-BFE3-F6F8EE605FC2 
035 |a urn:nbn:sk:snk-aml4yr 
035 |a urn:nbn:sk:snk-am008w6p 
040 |a SNK  |b slo  |c SNK  |e AACR2 
041 1 |a slo  |h eng 
043 |a e-gx--- 
044 |a xo  |c SK 
072 7 |a 32  |x Politika  |2 konspekt 
072 7 |a 929  |x Biografie  |2 konspekt 
080 |a 32-051  |2 2001 
080 |a 329.17-051  |2 2001 
080 |a 159.923  |2 2001 
080 |a (430)  |2 2001 
080 |a (092)  |2 2001 
080 |a (0:82-96)  |2 2001 
100 1 |a Delaforce, Patrick,  |d 1923-  |4 aut  |9 394765 
240 1 4 |a The Hitler file: the essentila facts  |l Slovensky 
245 1 0 |a Spis Hitler  |c Patrick Delaforce ; [z anglického originálu preložil Richard Cedzo] 
250 |a [1. vyd.] 
260 |a Bratislava  |b Ikar  |c 2008 
300 |a 197 s.  |b ilustr.  |c 21 cm 
504 |a Reg. 
600 1 7 |a Hitler, Adolf,  |d 1889-1945  |2 SNKMA  |9 11283 
648 7 |a 19.-20. stor.  |2 SNKPH  |9 268609 
650 0 7 |a politici  |2 SNKPH  |9 2679 
650 0 7 |a nacisti  |2 SNKPH  |9 4838 
650 0 7 |a psychológia osobnosti  |2 SNKPH  |9 3576 
651 7 |a Nemecko  |x dejiny  |2 SNKPH  |9 27870 
655 7 |a biografie  |2 SNKPH  |9 27965 
655 7 |a literatúra faktu  |2 SNKPH  |9 70526 
700 1 |a Cedzo, Richard  |4 trl  |9 21770 
919 |a 978-80-551-1764-5 
958 |a LX 
958 |a UP 
958 |a OND 
968 |b ENG  |d 32 
999 |c 656992  |d 658922 
952 |a SNK  |b SNK  |y VYP  |7 0  |p 17A0605271  |o snkSC 133622 D1  |i snk2008/22230  |8 0  |0 0  |1 0  |4 0  |d 2008-11-21  |l 0  |r 2026-02-23 18:41:28  |w 2026-02-23 
952 |a SNK  |b SNK  |y PREZ  |7 0  |p 17A0604377  |o snkSC 133622  |i snk2008/21415  |8 0  |0 0  |1 0  |4 0  |d 2008-11-05  |f 1  |l 0  |r 2025-06-24 00:00:00  |w 2026-02-23